| Поле | Инд. | ПП | Название | Значение |
|---|---|---|---|---|
| Тип записи | a | |||
| Библиографический уровень | a | |||
| 001 | Контрольный номер | 9f28494ee53544c9a3d76463985566e4 | ||
| 005 | Дата корректировки | 20190520163942.2 | ||
| 100 | a | Данные общей обработки | 20190520 ||| 0rusy0189 ca | |
| 101 | 0_ | a | Язык текста | rus |
| 102 | a | Страна публикации | RU | |
| 200 | 1_ | f | Первые сведения об ответственности | Ю.П. Боруленков |
| a | Заглавие | Теория доказательств и доказывания: структура доказывания | ||
| b | Общее обозначение материала | Текст | ||
| 210 | 1_ | d | Дата издания | 2019 |
| 461 | _0 | 1 | 2000 | |
| a | Российская юстиция | |||
| 463 | _0 | 1 | 2000 | |
| a | № 4 | |||
| v | С. 53-57 | |||
| 1 | 2101 | |||
| d | 2019 | |||
| 1 | 001ff02bc91735a4dec8338d566d2b32bee | |||
| 606 | a | Основная рубрика | Общая теория права | |
| 610 | 0_ | a | Ключевые слова | ПРОЦЕССУАЛЬНОЕ ПРАВО |
| a | Ключевые слова | ДОКАЗАТЕЛЬСТВЕННОЕ ПРАВО | ||
| a | Ключевые слова | ДОКАЗЫВАНИЕ | ||
| a | Ключевые слова | СОСТЯЗАТЕЛЬНОСТЬ | ||
| 700 | _1 | a | Фамилия | Боруленков |
| b | Имя | Ю.П. | ||
| 801 | _0 | a | Страна | RU |
| b | Организация | РГУП | ||
| c | Дата составления | 20190520 | ||
| g | Правила каталогизации | PSBO | ||
| 801 | _1 | a | Страна | RU |
| b | Организация | РГУП | ||
| c | Дата составления | 20190520 | ||
| g | Правила каталогизации | PSBO | ||
| 901 | t | Тип документа | b | |
| w | Контрольный № источника | ff02bc91735a4dec8338d566d2b32bee | ||
| 905 | a | Дата ввода | 20190520 |